City by Contemporary Architecture Picture Quiz - Statistics

General Stats
  • This quiz has been taken 195 times
  • The average score is 4 of 16
Answer Stats
Picture Hint Answer % Correct
Guggenheim Museum Bilbao
87%
CCTV Headquarters Beijing
53%
______ City Hall London
48%
The City of Arts and Sciences Valencia
39%
Reflections at Keppel Bay Singapore
23%
Evolution Tower Moscow
20%
Imperial War Museum North Manchester
19%
Jockey Club Innovation Tower Hong Kong
17%
____ Central Library Seattle
16%
Michael Lee-Chin Crystal Toronto
16%
Jean-Marie Tjibaou Cultural Centre Noumea
14%
Cardboard Cathedral Christchurch
13%
Dr Chau Chak Wing Building Sydney
11%
Mercedes-Benz Arena Shanghai
8%
Weill Cornell Medical College Doha
4%
______ Grand Theatre Harbin
4%
No matching quizzes found
Score Distribution
Percent of People with Each Score
Percentile by Number Answered
Your Score History
You have not taken this quiz